Role lidského kapitálu v úspěchu na trhu práce: srovnání šesti evropských zemí participujícich na projektu PIACC
Spojenie sociologických a ekonomických tém v životnom úspechu jednotlivca vrátane úspechu na trhu práce. Ľudský kapitál v ekonomickej a sociálnej reprodukcii.
Salvato in:
| Autore principale: | |
|---|---|
| Altri autori: | |
| Natura: | Capitolo di libro |
| Lingua: | ceco |
| Soggetti: | |
| Tags: |
Nessun Tag, puoi essere il primo ad aggiungerne!!
|
MARC
| LEADER | 00000naa a2200000 4500 | ||
|---|---|---|---|
| 001 | 0198782 | ||
| 005 | 20231208094338.9 | ||
| 041 | 0 | |a cze | |
| 044 | |a SK | ||
| 245 | 1 | 0 | |a Role lidského kapitálu v úspěchu na trhu práce: srovnání šesti evropských zemí participujícich na projektu PIACC |c Petr Matějů, Petra Anýžová |
| 520 | |a Spojenie sociologických a ekonomických tém v životnom úspechu jednotlivca vrátane úspechu na trhu práce. Ľudský kapitál v ekonomickej a sociálnej reprodukcii. | ||
| 610 | 2 | 0 | |a Európa |
| 610 | 2 | 0 | |a spoločnosť konzumná |
| 610 | 2 | 0 | |a procesy sociálno-ekonomické |
| 610 | 2 | 0 | |a vývoj sociálny |
| 610 | 2 | 0 | |a kapitál ľudský |
| 610 | 2 | 0 | |a trh práce |
| 100 | 1 | |a Matějů, Petr | |
| 700 | 1 | |a Anýžová, Petra | |